000 00694nam a2200205 a 4500
001 000042142
005 20201002035951.0
008 131114s2012 pr 000 p spa d
020 _a9780984157136
040 _aDO-SdBNP
_bspa
_cBNPHU
082 _aPR861.44
_bA797e
100 1 _aArzola, Marina,
_d1939-1976.
_914702
245 1 0 _aEstaciones de la espera /
_cMarina Arzola.
260 _aSan Juan, Puerto Rico :
_bLos Libros de la Iguana,
_c2012.
300 _a130 p. ;
_c22 cm.
500 _aIncluye datos biográficos de la autora en la contracubierta.
650 4 _aPoesía puertorriqueña
_91015
650 4 _aLiteratura puertorriqueña
_9250
910 _aValidado. Control de calidad MFF
999 _c41631
_d41631